Türkiye'de değişim yapmak neden bu kadar zor? / (Record no. 15161)

MARC details
000 -BAŞLIK
Sabit Uzunlukta Kontrol Alanı 00648nam a22002177a 4500
999 ## - SİSTEM KONTROL NUMARALARI (KOHA)
Koha Biblionumber 15161
Koha Biblioitemnumber 15161
003 - KONTROL NUMARASI IDENTIFIER
Denetim Alanı MIRAKIL
005 - SON İŞLEM TARİHİ VE ZAMANI
Denetim Alanı 20230221140930.0
008 - SABİT-BOY VERİ ELEMANLARI - GENEL BİLGİLER
Sabit Uzunlukta Kontrol Alanı 230221b tu ||||| |||| 00| 0 tur d
020 ## - ULUSLARARASI STANDART KİTAP NUMARASI
Uluslararası Standart Kitap Numarası 9786051711614
040 ## - KATALOGLAMA KAYNAK
Orijinal Kataloglama Ajansı TR-AnCHP
Metne Dönüştürmek Ajansı TR-AnCHP
041 ## - DİL KODU
Metin / Ses Parça Veya Ayrı Başlığın Dil Kodu tur
082 ## - DEWEY ONLU SINIFLANDIRMA NUMARASI
Sınıflandırma Numarası 351.0078
Ürün Numarası D55t 2015
100 ## - ANA GİRİŞ - KİŞİSEL İSİM
Kişisel Ad Dinçer, Ömer
245 10 - BAŞLIK TABLOSU
Başlık Türkiye'de değişim yapmak neden bu kadar zor? /
Sorumluluk Tablosu, Vb Ömer Dinçer
260 ## - YAYIN, DAĞITIM, VB
Yayın, Dağıtım, Vb Yeri İstanbul :
Yayıncı, Dağıtıcı, Vs Adı Alfa Basım Yayım Dağıtım,
Yayın, Dağıtım, Vb Tarihi 2015.
300 ## - FİZİKSEL TANIM
Kapsam 320 s. ;
Boyutlar 24 sm.
490 0# - SERİSİ TABLOSU
Seri Beyanı Alfa ;
-- Güncel ;
Hacim / Ardışık Tanımı 2848.
-- 93
504 ## - KAYNAKÇA VB NOT
Kaynakça Vb Notu Kaynakça vardır.
650 #0 - KONU KATMA GİRİŞ - TOPİKAL DÖNEM
9 (RLIN) 6222
Topikal Süreli Veya Coğrafi Ad Giriş Elemanı Kamu yönetimi
Genel Alt Bölümü Türkiye
942 ## - EKLENDİ GİRİŞ ELEMANLARI (KOHA)
Sınıflandırma Veya Raf Düzeni Kaynak Dewey Decimal Classification
Koha Öğesi Türü Books
Holdings
Kalıcı Konum Mevcut Konum Edinme Tarihi Toplam Check-Out'Lar Tam Çağrı Numarası Barkod Tarih Son Görülme İtibaren Geçerli Fiyatlar Koha Öğesi Türü
CHP Kütüphanesi CHP Kütüphanesi 02/21/2023   351.0078 D55t 2015 020733 02/21/2023 02/21/2023 Books